|
|
|
|
| LEADER |
00681nam a2200193Ia 4500 |
| 001 |
CTU_150163 |
| 008 |
210402s9999 xx 000 0 und d |
| 082 |
|
|
|a 591.52636
|
| 082 |
|
|
|b B864
|
| 100 |
|
|
|a Brock, James A.
|
| 245 |
|
2 |
|a A guide to the common problems and diseases of cultured Penaeus Vannamei
|
| 245 |
|
0 |
|c James A. Brock, Kevan L. Main ; Oceanic Institute, United States. National Oceanic and Atmospheric Administration
|
| 260 |
|
|
|a Baton Rouge, LA
|
| 260 |
|
|
|b World Aquaculture Society
|
| 260 |
|
|
|c 1994
|
| 650 |
|
|
|a Shrimps,Penaeus,Shrimp culture
|
| 650 |
|
|
|x Diseases,Diseases
|
| 904 |
|
|
|i Giang
|
| 980 |
|
|
|a Trung tâm Học liệu Trường Đại học Cần Thơ
|